000 003980000a22001570004500
001 001181
003 MACL
040 _aMACL
090 _c1181
_d1181
100 _aGambhirananda, Swami (Translator)
245 _aBhagavad Gita
_bWith the Annotation Gudhartha Dipika
_cSwami (Translator) Gambhirananda
260 _aAdvaita Ahrama,
_c1998
350 _a160
650 _aReligion
942 _k295
_cBook
999 _c1176
_d1176